| 000 | 00455nam a2200157 i 4500 | ||
|---|---|---|---|
| 001 | 87282 | ||
| 003 | ES-MaACL | ||
| 005 | 20230906175634.0 | ||
| 007 | t| | ||
| 008 | 041220s1947 ag ||||1| spa d | ||
| 100 | 1 |
_aKrotoschin, Ernesto. _968896 |
|
| 245 | 1 | 0 |
_aInstituciones de Derecho del trabajo _b: I / _cErnesto Krotoschin. |
| 260 |
_aBuenos Aires : _bDepalma, _c1947 ( _fPatagonia) |
||
| 300 |
_aXXXII, 444 p. ; _c24 cm. |
||
| 852 |
_aES-MaACL _jC-9062 |
||
| 999 |
_c87282 _d87282 |
||